Structured systems analysis and design method : application and context
Αποθηκεύτηκε σε:
| Κύριος συγγραφέας: | |
|---|---|
| Άλλοι συγγραφείς: | , |
| Μορφή: | Βιβλίο |
| Γλώσσα: | English |
| Δημοσίευση: |
New York :
Prentice-Hall,
c1988
|
| Θέματα: | |
| Ετικέτες: |
Προσθήκη ετικέτας
Δεν υπάρχουν, Καταχωρήστε ετικέτα πρώτοι!
|
MARC
| LEADER | 00000cam a2200000 i 4500 | ||
|---|---|---|---|
| 001 | 1/36915 | ||
| 008 | 950315s1988 eng d | ||
| 020 | |a 0138543240 | ||
| 035 | |l 10024581 | ||
| 040 | |a GR-MY-UA |b gre |e aacr | ||
| 041 | 0 | |a eng | |
| 082 | 0 | |a 004.21 |2 (19) | |
| 100 | 1 | |a Downs, Ed |d 1952- | |
| 245 | 1 | 0 | |a Structured systems analysis and design method : |b application and context / |c Ed Downs, Peter Clare, Ian Coe |
| 260 | |a New York : |b Prentice-Hall, |c c1988 | ||
| 300 | |a viii, 215 p.; |b ill.; |c 23 cm | ||
| 500 | |a Includes index | ||
| 504 | |a Bibliography: p. 208-210 | ||
| 650 | 0 | 0 | |a Electronic data processing |x Structured techniques. |
| 650 | 0 | 0 | |a System design. |
| 700 | 1 | |a Clare, Peter |d 1952- | |
| 700 | 1 | |a Coe, Ian |d 1945- | |
| 852 | |a INST |b CHIOS |e 19950315 |h 004.21 DOW |p 005200006767 |q 005200006767 |t BK |y 0 | ||
| 909 | |a Χ |b 010304 | ||